[Event "Latin Cup"]
[Site "Montevideo"]
[Date "2011.11.04"]
[Round "6"]
[White "Pintos, Luis"]
[Black "Pos, Marcos"]
[Result "1-0"]
[WhiteElo "1567"]
[BlackElo "1931"]
[PlyCount "85"]
[EventDate "2011.11.01"]
[EventType "swiss"]
[EventRounds "9"]
[EventCountry "URU"]
[SourceTitle "EXT 2012"]
[Source "ChessBase"]
[SourceDate "2011.11.24"]
[SourceVersion "1"]
[SourceVersionDate "2011.11.24"]
[SourceQuality "1"]

1. c4 Nf6 2. e3 e5 3. Nc3 d5 4. cxd5 Nxd5 5. g3 Nxc3 6. bxc3 Nc6 7. Bg2 Bd6 8. Ne2 0-0 9. 0-0 f5 10. d4 e4 11. f3 exf3 12. Bxf3 Kh8 13. Bb2 Qg5 14. Nf4 Bd7 15. d5 Ne5 16. Be2 Rae8 17. c4 Ng4 18. Bxg4 fxg4 19. Qd2 Re4 20. Bd4 b6 21. Qc2 Bf5 22. Qc3 Rfe8 23. Rae1 a5 24. c5 Be5 25. cxb6 cxb6 26. Bxe5 R4xe5 27. d6 Qd8 28. Qc7 Qxc7 29. dxc7 Rxe3 30. Rxe3 Rxe3 31. Nd5 Rf3 32. Nxb6 Rxf1+ 33. Kxf1 Kg8 34. c8Q+ Bxc8 35. Nxc8 Kf7 36. Nd6+ Ke6 37. Nc4 a4 38. Ke2 Kd5 39. Kd3 g5 40. Nb6+ Ke5 41. Nxa4 h5 42. Nc5 h4 43. Ne4 1-0